Súčasný stav a využívanie elektronického obchodu v hospodárskej praxi
Elektronický obchod vo svete a v Slovenskej republike. Kľúčové otázky amerických on-line predajcov, ktoré môžu mať vplyv na rast elektronického obchodu. Situácia v Európskej únii a na Slovensku. Využívanie elektronických obchodných modelov. Využívanie z pohľadu zákazníka a z pohľadu predávajúcich.
Enregistré dans:
| Auteur principal: | |
|---|---|
| Autres auteurs: | |
| Format: | Chapitre de livre |
| Langue: | slovaque |
| Sujets: | |
| Tags: |
Pas de tags, Soyez le premier à ajouter un tag!
|
MARC
| LEADER | 00000naa$a2200000$$$4500 | ||
|---|---|---|---|
| 001 | 0070622 | ||
| 005 | 20221207084056.7 | ||
| 041 | 0 | |a slo | |
| 044 | |a SK | ||
| 245 | 1 | 0 | |a Súčasný stav a využívanie elektronického obchodu v hospodárskej praxi |c Eduard Urban, Eugen Veselý |
| 520 | |a Elektronický obchod vo svete a v Slovenskej republike. Kľúčové otázky amerických on-line predajcov, ktoré môžu mať vplyv na rast elektronického obchodu. Situácia v Európskej únii a na Slovensku. Využívanie elektronických obchodných modelov. Využívanie z pohľadu zákazníka a z pohľadu predávajúcich. | ||
| 610 | 2 | 0 | |a obchod elektronický |
| 610 | 2 | 0 | |a Slovensko |
| 610 | 2 | 0 | |a Európska únia |
| 610 | 2 | 0 | |a USA |
| 610 | 2 | 0 | |a predajcovia |
| 610 | 2 | 0 | |a zákazníci |
| 100 | 1 | |a Urban, Eduard | |
| 700 | 1 | |a Veselý, Eugen | |